| 000 | 01059nam a22002777a 4500 | ||
|---|---|---|---|
| 001 | 8674 | ||
| 003 | FISKH | ||
| 005 | 20251017120337.0 | ||
| 008 | 251009b cb ||||| |||| 00| 0 eng d | ||
| 020 | _a9780868963686 | ||
| 040 |
_aFISKH _beng _cFISKH _dFISKH |
||
| 050 | _aPZ7 | ||
| 082 | _a823.914 | ||
| 100 |
_aPalfrey, Heather Mary _eAuthor |
||
| 245 |
_aThe great egg flap : _bA Ricky Wilson mystery _cBy Heather Mary Palfrey |
||
| 260 |
_aSydney : _bAshton Scholastic , _c1987 |
||
| 300 |
_a106 pages : _billustrations ; _c20 cm |
||
| 505 | _aO | ||
| 520 | _aRicky's beautiful dog, Rusty, is being held at the pond under suspicion of stealing. Everyone knows that Rusty is crazy about ping-pong balls-and ping-pong balls look just like eggs. Ricky has only one day left to prove that Rusty didn't steal the eggs and cause the great egg flap. | ||
| 521 | 8 |
_a650
_bLexile estimate |
|
| 521 | 8 |
_aO
_bRaz-Plus |
|
| 650 |
_aSenior Fiction _vLiterature |
||
| 700 |
_aCrooks, Deborah _eIllustrator |
||
| 942 |
_2ddc _cBK _n0 |
||
| 999 |
_c8674 _d8674 |
||